LEADER 03802oam 22007334a 450 001 9910789973903321 005 20210108070723.0 010 $a0-8147-4371-4 024 7 $a10.18574/nyu/9780814743713 035 $a(CKB)2670000000155483 035 $a(EBL)865573 035 $a(OCoLC)779828128 035 $a(SSID)ssj0000607155 035 $a(PQKBManifestationID)11355700 035 $a(PQKBTitleCode)TC0000607155 035 $a(PQKBWorkID)10582741 035 $a(PQKB)10474349 035 $a(OCoLC)646892259 035 $a(MdBmJHUP)muse10723 035 $a(MiAaPQ)EBC865573 035 $a(DE-B1597)547552 035 $a(DE-B1597)9780814743713 035 $a(EXLCZ)992670000000155483 100 $a20061214d2007 uy 0 101 0 $aeng 135 $aur|n|---||||| 181 $ctxt 182 $cc 183 $acr 200 00$aFandom$b[electronic resource] $eIdentities and Communities in a Mediated World /$fedited by Jonathan Gray, Cornel Sandvoss, and C. Lee Harrington ; with an afterword by Henry Jenkins 210 $aNew York $cNew York University Press$dc2007 215 $a1 online resource (416 p.) 300 $aDescription based upon print version of record. 311 $a0-8147-3182-1 311 $a0-8147-3181-3 320 $aIncludes bibliographical references (p. 365-391) and index. 327 $aContents; Acknowledgments; Introduction; Part I: Fan Texts; The Death of the Reader?; Media Academics; Yoko in Cyberspace with Beatles Fans; Copyright Law, Fan Practices, and the Rights of the Author; Part II: Beyond Pop Culture; The News; The Fans of Cultural Theory; Bachies, Bardies, Trekkies, and Sherlockians; Fans of Chekhov; Part III: Spaces of Fandom; Place, Elective Belonging, and the Diffused Audience; On the Set of The Sopranos; A Sort of Homecoming; From Smart Fan to Backyard Wrestler; Part IV: Fan Audiences Worldwide; Global Fandom/Global Fan Studies; Between Rowdies and Rasikas 327 $aBeyond Kung-Fu and ViolenceHan Suk-kyu and the Gendered Cultural Economy of Stardom and Fandom; Part V: Shifting Contexts, Changing Fan Cultures; Loving Music; Girls Allowed?; Customer Relationship Management; Playing the Game; Part VI: Fans and Anti-Fans; Fan-tagonism; Untidy; The Anti-Fan within the Fan; A Vacancy at the Paris Hilton; The Other Side of Fandom; Afterword; Bibliography; About the Contributors; Index 330 $aWe are all fans. Whether we log on to Web sites to scrutinize the latest plot turns in Lost , "stalk" our favorite celebrities on Gawker , attend gaming conventions, or simply wait with bated breath for the newest Harry Potter novel-each of us is a fan. Fandom extends beyond television and film to literature, opera, sports, and pop music, and encompasses both high and low culture. Fandom brings together leading scholars to examine fans, their practices, and their favorite texts. This unparalleled selection of original essays examines instances across the spectrum of modern cultural consumption 606 $aPopular culture$xPsychological aspects 606 $aSubculture 606 $aFans (Persons) 608 $aElectronic books. 610 $aFandom. 610 $aglobalized. 610 $aincreasingly. 610 $alife. 610 $amediated. 610 $amodern. 610 $aunderstanding. 610 $aworld. 615 0$aPopular culture$xPsychological aspects. 615 0$aSubculture. 615 0$aFans (Persons) 676 $a306.4/87 701 $aHarrington$b C. Lee$f1964-$01471640 701 $aSandvoss$b Cornel$0870873 701 $aGray$b Jonathan$g(Jonathan Alan)$0989808 801 0$bMdBmJHUP 801 1$bMdBmJHUP 906 $aBOOK 912 $a9910789973903321 996 $aFandom$93836602 997 $aUNINA LEADER 01113nam0-22003011i-450 001 990005411550403321 005 20251215114134.0 035 $a000541155 035 $aFED01000541155 035 $a(Aleph)000541155FED01 100 $a19990530d1949----km-y0itay50------ba 101 0 $afre 102 $aBE 105 $ay-------001yy 200 1 $aAsklèpios Apollon Smintheus et Rudra$eÉtudes sur le dieu a la taure et le dieu au rat dans la Grèce et dans l'Inde$fpar Henri Grègoire$gavec la collaboration de R. Goossens et de M. Mathieu 210 $aBruxelles$cPalais des Acadèmies$d1949 215 $a200 p.$d26 cm 225 1 $aAcadèmie Royale de Belgique. Classe des Lettres et des Sciences Morales et Poetiques. Mémoires. Collection in 8. Deuxième Série$v45 700 1$aGrégoire,$bHenri$f<1881-1964>$0393983 702 1$aGoossens,$bR. 702 1$aMathieu,$bM. 801 0$aIT$bUNINA$gRICA$2UNIMARC 901 $aBK 912 $a990005411550403321 952 $aARCH. M 157 8$bARCH. 8842$fFLFBC 959 $aFLFBC 996 $aAsklepios Apollon Smintheus et Rudra$9283653 997 $aUNINA